000 00845nam a2200241Ia 4500
003 OSt
005 20220923224244.0
006 a|||||r|||| 00| 0
007 ta
008 220922b |||||||| |||| 00| 0 hin d
024 _a230,095
037 _cTextual
040 _aARTS
_cARTS
_bhin
041 _2hin
_ahin
082 _aO152,6N27x, P5
100 _aनामवर सिंह; ठाकुर, खगेन्द्र, संपा.
_9167860
245 0 _aआलोचक के मुख से
246 _aĀlochak ke mukh se
260 _aनयी दिल्ली
_b राजकमल प्रकाशन
_c2005
300 _a106पृ.
_ccm.
942 _hO152,6N27x, P5
_cTEXL
_2CC
999 _c370239
_d370239